| 000 | 01000nam0a2200277 4500 | ||
|---|---|---|---|
| 001 | RU\NLR\b_ik\174456 | ||
| 005 | 20250616230531.0 | ||
| 010 | _a978-5-903011-28-5 | ||
| 035 | _a(NLR Aleph) 002247104 | ||
| 090 |
_a3637496 _c3637496 |
||
| 100 | _a20081204d2008 |||y0rusy50 ca | ||
| 101 | 0 | _aeng | |
| 102 | _aRU | ||
| 105 | _aa ||||||||| | ||
| 200 | 1 |
_aCave Al-Guza _ethe multilayer site of Oldwan in South Arabia _fH.A. Amirkhanov _gRuss. acad. of sciences, Inst. of archeology |
|
| 210 |
_aMoscow _cTaus _d2008 |
||
| 215 |
_a20 с., [17] л. ил., цв. ил. _d20 |
||
| 320 | _aБиблиогр.: с. 19-20 | ||
| 607 |
_aАль-Гуза, пещера (Ближний Восток) _xАрхеологические исследования _92543302 _3RU\NLR\AUTH\661505497 |
||
| 686 | 1 | _aТ4(53Йе)221 | |
| 700 | 1 |
_aAmirchanov _bC. A. _gChizri Amirchanovič _4070 |
|
| 801 | 0 |
_aRU _bNLR _c20081204 _gRCR |
|
| 942 | _cBOOK | ||
| 980 | _aNB | ||